Industrial relations in Japan : The peripheral workforce

Spremljeno u:
Bibliografski detalji
Glavni autor: Chalmers, Norma J.
Format: Knjiga
Jezik:Undetermined
Izdano: London Routledge 1989
Teme:
Oznake: Dodaj oznaku
Bez oznaka, Budi prvi tko označuje ovaj zapis!
Thư viện lưu trữ: Trung tâm Học liệu Trường Đại học Cần Thơ
LEADER 00517nam a2200193Ia 4500
001 CTU_77704
008 210402s9999 xx 000 0 und d
082 |a 331.0952 
082 |b C438 
100 |a Chalmers, Norma J. 
245 0 |a Industrial relations in Japan : 
245 4 |b The peripheral workforce 
245 0 |c Norma J. Chalmers 
260 |a London 
260 |b Routledge 
260 |c 1989 
650 |a Industrial relations 
650 |z Japan 
980 |a Trung tâm Học liệu Trường Đại học Cần Thơ